Geografía, argentina en la globalización : recursos para el docente /

Guardado en:
Autor Principal: Ataide, Soraya
Otros Autores: Garcia, Patricia, Palacios, Nilda
Formato: Libro
Publicado: Buenos Aires : Santillana, 2017
Series:Nuevo Saberes clave
Materias:
Etiquetas: Agregar Etiqueta
Sin Etiquetas, Sea el primero en etiquetar este registro!
LEADER 01134nam a22002655a 4500
001 CEM.cems015198
005 20191016105503.0
008 130507s2017##################000#0#####d
003 CEMS
020 |a 9789504652250 
082 0 4 |a 330.982 
100 1 |a Ataide, Soraya 
245 1 0 |a Geografía, argentina en la globalización :  |b recursos para el docente /  |c Soraya Ataide ; patricia García ; nilda Palacios 
260 |a Buenos Aires :  |b Santillana,  |c 2017 
300 |a 32 p. ; 28x22 cm. 
490 0 |a Nuevo Saberes clave 
505 0 |a Procesos productivos, economías regionales y asimetrías territoriales -- Los recursos naturales y los bienes de la Tierra y su relación con los problemas ambientales -- Condiciones de vida y vulnerabilidad en la globalización -- Sistema urbano y experiencias de vida en ciudades argentinas -- 
653 |a Geografía 
653 |a Geografía económica 
653 |a Geografía económica argentina 
653 |a Globalización 
653 |a Industria argentina 
700 1 |a Garcia, Patricia 
700 1 |a Palacios, Nilda 
859 |a CEMS  |b BIB. CEMS - 11 de abril  |h 330.982  |i At12-1  |p 28316.19  |t Ej.1